Delitos contra la economía nacional
Đã lưu trong:
| Tác giả chính: | |
|---|---|
| Định dạng: | Sách |
| Ngôn ngữ: | Tiếng Tây Ban Nha |
| Được phát hành: |
Caracas
Universidad Central de Venezuela
1968
|
| Loạt: | Publicaciones de la Facultad de Derecho, 38
|
| Những chủ đề: | |
| Các nhãn: |
Thêm thẻ
Không có thẻ, Là người đầu tiên thẻ bản ghi này!
|
MARC
| LEADER | 00000nam a2200000 a 4500 | ||
|---|---|---|---|
| 001 | UCS0086 | ||
| 003 | CL-VaPUC | ||
| 008 | 970418e19680000VE |||||||||||||||||spa|d | ||
| 082 | 0 | 4 | |a 364.133 |b MIL |2 21 |
| 100 | |a Mille Mille, Gerardo |e autor |9 383166 | ||
| 245 | 1 | 0 | |a Delitos contra la economía nacional |
| 300 | |a 322 p | ||
| 942 | |c BK | ||
| 945 | |d 19970418 00:00:00 |a cmena | ||
| 260 | |a Caracas |b Universidad Central de Venezuela |c 1968 | ||
| 650 | 7 | |a DELITO TRIBUTARIO |2 CL-VaPUC |9 377304 | |
| 650 | 0 | |a Criminología |9 256168 | |
| 650 | 7 | |a DELITO ECONOMICO |2 CL-VaPUC |9 342973 | |
| 650 | 0 | |a Estado y economía |9 383167 | |
| 650 | 7 | |a DERECHO PENAL |2 CL-VaPUC |9 11 | |
| 650 | 0 | |a Código penal |9 255935 | |
| 583 | |a last modification |c 19970418 00:00:00 |k Rodrigo Vera | ||
| 490 | 0 | |a Publicaciones de la Facultad de Derecho, 38 | |
| 999 | |c 258338 |d 258336 | ||
| 952 | |0 0 |1 0 |4 0 |6 364_133000000000000_MIL_1968 |7 0 |8 A |9 282363 |a BIBDER |b BIBDER |d 2019-11-19 |i 182757K |o 364.133 MIL 1968 |p 182757K |r 2023-01-25 |w 2019-11-19 |y BK |k DER | ||